000 01029 a2200217 4500
005 20080916150340.0
008 080916t xxu||||| |||| 00| 0 hin d
010 _aHIN-80940
020 _c90.00
_a8190318756
035 _aHN-53286
037 _bD.B.Act / pub
082 _a954.21
100 _aकमलेश्वर
245 _aहमारी संस्कृति हमारी धरोहर
_cकमलेश्वर
246 _aHamari sanskriti hamari dharohar
_bby Kamleshwar
260 _aभोपाल
_bपरिहार पब्लिकेशन्स
_c2007
300 _a60पृ
_c22 सेमी (सजिल्द)
_b(सचित्र)
270 _a27/ए, फेस-1, छत्रशाल नगर
_bभोपाल
942 _adpl
_cHN
_k954.21 / कमले
_2ddc
_h954.21
_mकमले
999 _c7373
_d7373